LEADER 01969oas 2200637 a 450 001 9910891245203321 005 20260218112143.0 035 $a(DE-599)ZDB2025112-9 035 $a(OCoLC)40804582 035 $a(CONSER)sn 99047039 035 $a(CKB)1000000000023036 035 $a(DE-599)2025112-9 035 $a(EXLCZ)991000000000023036 100 $a19990216c1998uuuu sy 101 0 $aeng 135 $aurcnu|||||||| 181 $ctxt$2rdacontent 182 $cc$2rdamedia 183 $acr$2rdacarrier 200 00$aElectronic journal of SADIO $ethe electronic journal of the Argentine Society for Informatics and Operations Research (SADIO) 210 $a[Buenos Aires], Argentina $cThe Society$d1998- 300 $aTitle from journal home page (viewed Feb. 10, 1999). 311 08$a1514-6774 517 1 $aElectronic journal of the Argentine Society for Informatics and Operations Research 517 3 $aSADIO, electronic journal of Informatics and Operations Research 517 1 $aEJSADIO 517 1 $aEJS 531 0 $aSADIO electron. j. inform. oper. res. 606 $aComputer science$vPeriodicals 606 $aOperations research$vPeriodicals 606 $aComputer science$2fast$3(OCoLC)fst00872451 606 $aOperations research$2fast$3(OCoLC)fst01046387 608 $aPeriodicals.$2fast 615 0$aComputer science 615 0$aOperations research 615 7$aComputer science. 615 7$aOperations research. 676 $a003.305 712 02$aSociedad Argentina de Informa?tica e Investigacio?n Operativa 801 0$bWAU 801 1$bWAU 801 2$bOCLCQ 801 2$bDLC 801 2$bWAU 801 2$bOCLCQ 801 2$bOCLCO 801 2$bOCLCQ 801 2$bOCLCF 801 2$bOCLCO 801 2$bOCLCQ 801 2$bOCLCL 801 2$bOCLCQ 906 $aJOURNAL 912 $a9910891245203321 996 $aElectronic journal of SADIO$92123743 997 $aUNINA